El préstamo usuario
Guardat en:
| Autor principal: | |
|---|---|
| Format: | Llibre |
| Idioma: | espanyol |
| Publicat: |
Barcelona
Nereo
1963
|
| Matèries: | |
| Etiquetes: |
Afegir etiqueta
Sense etiquetes, Sigues el primer a etiquetar aquest registre!
|
MARC
| LEADER | 00000nam a2200000 a 4500 | ||
|---|---|---|---|
| 001 | UCS0302 | ||
| 003 | CL-VaPUC | ||
| 008 | 970418e19630000SP |||||||||||||||||spa|d | ||
| 082 | 0 | 4 | |a 364.168 |b VIZ |2 21 |
| 100 | 0 | |a Vizcarro, C. Fernando |e author |9 383593 | |
| 245 | 1 | 3 | |a El préstamo usuario |
| 300 | |a 205 p | ||
| 942 | |c BK | ||
| 945 | |d 19970418 00:00:00 |a paguirre | ||
| 260 | |a Barcelona |b Nereo |c 1963 | ||
| 650 | 0 | |a Delitos |9 224143 | |
| 650 | 7 | |a DELITO ECONOMICO |2 CL-VaPUC |9 342973 | |
| 650 | 7 | |a USURA |2 CL-VaPUC |9 368490 | |
| 650 | 0 | |a Penas |9 255927 | |
| 650 | 0 | |a Derecho comparado |9 255664 | |
| 583 | |a last modification |c 19970418 00:00:00 |k Rodrigo Vera | ||
| 999 | |c 258536 |d 258534 | ||
| 952 | |0 0 |1 0 |4 0 |6 364_168000000000000_VIZ_1963 |7 0 |8 A |9 282706 |a BIBDER |b BIBDER |d 2019-11-19 |i 1833456 |o 364.168 VIZ 1963 |p 1833456 |r 2023-01-25 |w 2019-11-19 |y BK |k DER | ||